MARC

LEADER 00000nam0a2200000 4500
001 26607
005 20231101205735.0
010 |a 5818301753 
035 |a (RuTPU)RU\TPU\book\26851 
035 |a BOOK00026926 
090 |a 26607 
100 |a 20011209d2001 m y0rusy50 ca 
101 1 |a rus  |c eng 
102 |a RU 
105 |a а z 000zy 
200 1 |a Восточная философия  |e пер. с англ.  |f М. Томпсон 
210 |a Москва  |c ФАИР-ПРЕСС  |d 2001 
215 |a 384 с.  |c ил. 
225 1 |a Грандиозный мир 
606 1 |a Философия народов Востока  |2 stltpush  |3 (RuTPU)RU\TPU\subj\63887  |9 80819 
610 1 |a философия 
610 1 |a религия 
610 1 |a этика 
610 1 |a история 
610 1 |a Восток 
610 1 |a восточная философия 
610 1 |a Индостан 
610 1 |a тантризм 
610 1 |a дзен-буддизм 
610 1 |a джайнизм 
610 1 |a индуизм 
610 1 |a даосизм 
610 1 |a буддизм 
686 |a Ю3(5)  |v LBC/SL-A  |2 rubbk 
686 |a Э33  |v LBC/SL-A  |2 rubbk 
700 1 |a Томпсон  |b М.  |g Мел 
801 0 |a RU  |b 63413507  |c 20011209  |g PSBO 
801 2 |a RU  |b 63413507  |c 20141209  |g PSBO 
942 |c BK